000 00705nam a2200205 i 4500
001 bg
100 1 _aZUBRZYCKI, Janusz.
245 1 0 _aLeksykon VAT 1998 :
_b600 praktycznych rad, wyjaśnień i interpretacji, omówienie zmian obowiązujących od 1998 roku, aktualne teksty ustawy oraz aktów wykonawczych /
_cJanusz Zubrzycki.
260 _aWrocław :
_b"Unimex",
_c1998.
300 _a585 s. ;
_c24 cm.
650 9 _aPodatek od towarów i usług
_xprawo
_zPolska
_ystan na 1998 r.
655 _aPoradniki
020 _a8390731835
040 _cBPK
041 0 _apl
080 _a342.951:351.72:336.2VAT](438)
920 _a83-907318-3-5
942 _cKS
008 s pl f |000 0 pol
999 _c33276
_d33276
856 _uhttp://koha.tu.koszalin.pl/cgi-bin/koha/opac-detail.pl?biblionumber=33276
_yKatalog online BPK